000 00265nam a2200121 i 4500
001 bg
245 0 _aOpticeskie swojstwa metallow.
_nT. 55.
260 _aMoskwa,
_c1971.
040 _cBPK
041 _apol
942 _cKS
008 s pl f |000 0 pol
999 _c9189
_d9189
856 _uhttp://koha.tu.koszalin.pl/cgi-bin/koha/opac-detail.pl?biblionumber=9189
_yKatalog online BPK